000
00410nam a2200133Ia 4500
008
100328s9999 xx 000 0 und d
082
_b
5290
100
_a
धोंड मधुकर वासुदेव
245
_a
काव्याची भूषणे
260
_b
---
630
_a
काव्याची भूषणे
730
_a
काव्याची भूषणे
942
_c
BOOK
999
_c
501292
_d
501289